Gate electronics and communication : analog circuits Vol.5 to 10 (Record no. 198347)

MARC details
000 -LEADER
fixed length control field 00514nam a2200169Ia 4500
005 - DATE AND TIME OF LATEST TRANSACTION
control field 20250410094131.0
008 - FIXED-LENGTH DATA ELEMENTS--GENERAL INFORMATION
fixed length control field 231217s9999 xx 000 0 und d
020 ## - INTERNATIONAL STANDARD BOOK NUMBER
International Standard Book Number 9789514124150
082 ## - DEWEY DECIMAL CLASSIFICATION NUMBER
Classification number 620.076EC KAN;1 R
100 ## - MAIN ENTRY--PERSONAL NAME
Personal name Kanodia, R K. Murolia, Ashish.
245 #0 - TITLE STATEMENT
Title Gate electronics and communication : analog circuits Vol.5 to 10
250 ## - EDITION STATEMENT
Edition statement 8th ed.
260 ## - PUBLICATION, DISTRIBUTION, ETC. (IMPRINT)
Date of publication, distribution, etc. 2017
Name of publisher, distributor, etc. Nodia & Company
Place of publication, distribution, etc. Jaipur
300 ## - PHYSICAL DESCRIPTION
Extent 881
650 ## - SUBJECT ADDED ENTRY--TOPICAL TERM
Topical term or geographic name as entry element Gate,electronics,communication,analog,circuits,Vol.5,10
942 ## - ADDED ENTRY ELEMENTS (KOHA)
Koha item type Books
Holdings
Date last seen Total Checkouts Full call number Accession number Old discount Price effective from Category Lost status Damaged status Department Withdrawn status Permanent Location Current Location Shelving location Entry date Grants Currency symbol Conversion rate Discount Discount type
26/01/2024   620.076EC KAN;1 R 91862   26/01/2024 Books     EC   Central Library Central Library   10/01/2018 DONATED RS 1   Rupees

© For any Suggestions or Query, please contact the library staff @ librarian@pes.edu or Phone: +9180 2672 1983/ 2108.